000
00370nam a2200181Ia 4500
100
_a
Anton/Howard/ Rorres/Chris
650
_a
Linear Algebra
250
_a
11
942
_c
BK
366
_f
20
654
_a
linear algebra
245
_a
Elementary Linear Algebra
260
_b
Wiley
_c
2015
082
_b
ANT
300
_a
769
546
_a
ENGLISH
999
_c
23302
_d
23302